<?xml version="1.0" encoding="UTF-8"?>
<collection xmlns="http://www.loc.gov/MARC21/slim">
 <record>
  <leader>     na                 </leader>
  <controlfield tag="001">INLIS000000000020976</controlfield>
  <controlfield tag="005">20230522024556</controlfield>
  <datafield tag="035" ind1=" " ind2=" ">
   <subfield code="a">0010-0523000315</subfield>
  </datafield>
  <controlfield tag="007">ta</controlfield>
  <controlfield tag="008">230522                g          0 ind  </controlfield>
  <datafield tag="020" ind1=" " ind2=" ">
   <subfield code="a">978-602-0632-52-0</subfield>
  </datafield>
  <datafield tag="082" ind1=" " ind2=" ">
   <subfield code="a">641.5</subfield>
  </datafield>
  <datafield tag="084" ind1=" " ind2=" ">
   <subfield code="a">641.5 RAI c</subfield>
  </datafield>
  <datafield tag="100" ind1="0" ind2=" ">
   <subfield code="a">Raisya Saraswati</subfield>
   <subfield code="e">Pengarang</subfield>
  </datafield>
  <datafield tag="245" ind1="1" ind2=" ">
   <subfield code="a">Centennial Kitchen :</subfield>
   <subfield code="b">35 Resep Simpel Masa Kini</subfield>
  </datafield>
  <datafield tag="250" ind1=" " ind2=" ">
   <subfield code="a">1</subfield>
  </datafield>
  <datafield tag="300" ind1=" " ind2=" ">
   <subfield code="a">130 halaman :</subfield>
   <subfield code="b">ilustrasi [grafik] ;</subfield>
   <subfield code="c">24 cm</subfield>
  </datafield>
  <datafield tag="650" ind1=" " ind2="4">
   <subfield code="a">Resep makanan</subfield>
  </datafield>
  <datafield tag="520" ind1=" " ind2=" ">
   <subfield code="a">DESCRIPTION&#13;
SIAPA ITU CENTENNIAL? Centennial disebut juga Generation Z, lahir tahun 1997 2011, dan mereka umumnya digital natives; terbiasa dengan iPad, smartphone, youtube. Buku ini diinspirasi oleh CIRI (Citra Kartini Indonesia) Centennial, komunitas yang didirikan oleh Ayu Heni Rosan, untuk generasi berusia 8-22 tahun yang merupakan generasi centennial. CIRI Centennial banyak melakukan kegiatan kepedulian pada lingkungan hidup serta sosial. Menggelar acara keterampilan di luar sekolah untuk bisa mengasah kecerdasan emosional generasi centennial yang harus terus menerus dipupuk agar menjadi generasi yang membanggakan. Salah satunya kegiatan masak memasak. Centennial nggak malu masuk ke dapur. Ide masakan bisa didapat dari internet, TV, Referensi dari IG, Youtube atau dari buku yang kemudian dimodifikasi sesuai dengan kreativitas mereka. We always have fun in the KitchenDemikian kata kedua penulis buku ini Raisya dan Aisha yang merupakan generasi centennialApalagi kalau memasak bersama sahabat-sahabat tercinta. Selalu ide baru dalam mengkreasikan penyajian resep masakan yang ada. Tidak perlalu menjadi seorang Chef lebih dulu untuk memulai memasak, yang penting punya keinginan dan berani berkreasi di dapur. Dengan makanan yang dibuat sendiri dapat memberikan rasa cinta ke orang-orang tersayang. Penasaran? Yuk kita lihat isi buku iniBanyak resep dan ide inspiratif yang bisa dipraktikkan di rumah. Ayo masak bersama Raisya dan Aisha dan kita akan tahu bahwa masak zaman now memang beda dengan masak zaman old. SIMPEL, MUDAH, dan HAPPY!</subfield>
  </datafield>
  <datafield tag="264" ind1=" " ind2=" ">
   <subfield code="a">Jakarta :</subfield>
   <subfield code="b">Gramedia Pustaka Utama,</subfield>
   <subfield code="c">2019</subfield>
  </datafield>
  <datafield tag="336" ind1=" " ind2=" ">
   <subfield code="2">rdacontent</subfield>
   <subfield code="a">teks</subfield>
  </datafield>
  <datafield tag="337" ind1=" " ind2=" ">
   <subfield code="2">rdamedia</subfield>
   <subfield code="a">tanpa perantara</subfield>
  </datafield>
  <datafield tag="338" ind1=" " ind2=" ">
   <subfield code="2">rdacarrier</subfield>
   <subfield code="a">lembar</subfield>
  </datafield>
  <datafield tag="990" ind1=" " ind2=" ">
   <subfield code="a">073224</subfield>
  </datafield>
  <datafield tag="990" ind1=" " ind2=" ">
   <subfield code="a">073225</subfield>
  </datafield>
  <datafield tag="990" ind1=" " ind2=" ">
   <subfield code="a">073226</subfield>
  </datafield>
  <datafield tag="990" ind1=" " ind2=" ">
   <subfield code="a">073224</subfield>
  </datafield>
  <datafield tag="990" ind1=" " ind2=" ">
   <subfield code="a">073225</subfield>
  </datafield>
 </record>
</collection>
